[Event "Lvov zt"]
[Site "Lvov"]
[Date "1990.??.??"]
[Round "?"]
[White "Oll, Lembit"]
[Black "Kharitonov, Andrei"]
[Result "1/2-1/2"]
[WhiteElo "2570"]
[BlackElo "2500"]
[PlyCount "35"]
[EventDate "1990.02.??"]
[EventType "swiss"]
[EventRounds "9"]
[EventCountry "URS"]
[Source "ChessBase"]
[SourceDate "1990.10.01"]

1. e4 c6 2. d4 d5 3. e5 Bf5 4. h4 h5 5. c4 e6 6. Nc3 Be7 7. cxd5 exd5 8. Bd3
Bg4 9. Be2 Qd7 10. Nh3 Na6 11. Nf4 Bxe2 12. Qxe2 Qf5 13. Rh3 Nc7 14. Be3 g6 15.
Nd3 Nh6 16. Bxh6 Rxh6 17. Qe3 Rh7 18. Ne2 1/2-1/2

[Event "Rome op"]
[Site "Rome"]
[Date "1990.??.??"]
[Round "2"]
[White "Oll, Lembit"]
[Black "Mrdja, Milan"]
[Result "1-0"]
[WhiteElo "2570"]
[BlackElo "2395"]
[PlyCount "81"]
[EventDate "1990.02.??"]
[EventType "swiss"]
[EventRounds "9"]
[EventCountry "ITA"]
[Source "ChessBase"]
[SourceDate "1994.03.01"]

1. e4 c5 2. Nf3 d6 3. d4 cxd4 4. Nxd4 Nf6 5. Nc3 a6 6. Bg5 e6 7. f4 Qb6 8. Nb3
Be7 9. Be2 h6 10. Bxf6 Bxf6 11. Qd3 Nd7 12. O-O-O Be7 13. h4 Qc7 14. g4 b5 15.
Bf3 Rb8 16. g5 b4 17. Ne2 a5 18. g6 O-O 19. gxf7+ Rxf7 20. Bh5 Rf8 21. Rhg1 Nf6
22. Bg6 Rd8 23. Nbd4 Bf8 24. Qb3 a4 25. Qxa4 Kh8 26. Kb1 e5 27. fxe5 dxe5 28.
Qc6 Qa7 29. Ne6 Rxd1+ 30. Rxd1 Ba6 31. Nc1 Rc8 32. Qa4 Be7 33. Bf5 Qb6 34. Ng5
Rf8 35. Qb3 hxg5 36. hxg5 Nh5 37. g6 Bg5 38. Qh3 Bxc1 39. Rxc1 Be2 40. Bg4 Bxg4
41. Qxg4 1-0

[Event "Rome op"]
[Site "Rome"]
[Date "1990.??.??"]
[Round "3"]
[White "Garcia Palermo, Carlos"]
[Black "Oll, Lembit"]
[Result "0-1"]
[WhiteElo "2460"]
[BlackElo "2570"]
[PlyCount "66"]
[EventDate "1990.02.??"]
[EventType "swiss"]
[EventRounds "9"]
[EventCountry "ITA"]
[Source "ChessBase"]
[SourceDate "1994.03.01"]

1. d4 Nf6 2. c4 e6 3. Nc3 Bb4 4. e3 c5 5. Nge2 d5 6. a3 Bxc3+ 7. Nxc3 cxd4 8.
exd4 dxc4 9. Bxc4 Nc6 10. Be3 O-O 11. O-O b6 12. Qf3 Bb7 13. Bd3 Rc8 14. Qh3
Ne7 15. Bg5 Ng6 16. Rad1 h6 17. Bxg6 hxg5 18. Bb1 g6 19. Rfe1 Kg7 20. Qg3 g4
21. Qe5 Rh8 22. Qf4 Rc7 23. Bd3 Rd7 24. Bb5 Rd6 25. Be2 Rh5 26. Qe3 Qd7 27. Bf1
a6 28. Rd3 a5 29. Rd2 Qc6 30. Red1 Rd8 31. Qg3 Rdh8 32. d5 exd5 33. Nb5 Ne4 0-1

[Event "Rome op"]
[Site "Rome"]
[Date "1990.??.??"]
[Round "7"]
[White "Anand, Viswanathan"]
[Black "Oll, Lembit"]
[Result "1/2-1/2"]
[WhiteElo "2555"]
[BlackElo "2570"]
[PlyCount "26"]
[EventDate "1990.02.??"]
[EventType "swiss"]
[EventRounds "9"]
[EventCountry "ITA"]
[Source "ChessBase"]
[SourceDate "1994.03.01"]

1. e4 e6 2. d4 d5 3. Nc3 Bb4 4. e5 c5 5. a3 Bxc3+ 6. bxc3 Ne7 7. Nf3 Qa5 8. Bd2
Nbc6 9. a4 Bd7 10. Bb5 c4 11. O-O h6 12. Re1 a6 13. Bxc6 Bxc6 1/2-1/2

[Event "Rome op"]
[Site "Rome"]
[Date "1990.??.??"]
[Round "8"]
[White "Oll, Lembit"]
[Black "Chernin, Alexander"]
[Result "1/2-1/2"]
[WhiteElo "2570"]
[BlackElo "2600"]
[PlyCount "25"]
[EventDate "1990.02.??"]
[EventType "swiss"]
[EventRounds "9"]
[EventCountry "ITA"]
[Source "ChessBase"]
[SourceDate "1994.03.01"]

1. d4 Nf6 2. c4 e6 3. Nf3 b6 4. g3 Ba6 5. b3 Bb4+ 6. Bd2 Be7 7. Bg2 c6 8. Bc3
d5 9. Ne5 Nfd7 10. Nxd7 Nxd7 11. Nd2 Bf6 12. e4 b5 13. exd5 1/2-1/2

[Event "Terrassa"]
[Site "Terrassa"]
[Date "1990.??.??"]
[Round "2"]
[White "Oll, Lembit"]
[Black "Georgiev, Kiril"]
[Result "1/2-1/2"]
[WhiteElo "2570"]
[BlackElo "2605"]
[Annotator "Ribli"]
[PlyCount "48"]
[EventDate "1990.04.??"]
[EventType "tourn"]
[EventRounds "11"]
[EventCountry "ESP"]
[EventCategory "11"]
[Source "ChessBase"]
[SourceDate "1990.12.01"]

1. c4 g6 2. Nc3 c5 3. g3 Bg7 4. Bg2 Nc6 5. e3 e6 6. Nge2 Nge7 7. d4 cxd4 8.
Nxd4 O-O 9. O-O d5 10. cxd5 Nxd5 11. Nxd5 exd5 12. Qb3 Nxd4 13. exd4 Be6 $10
14. Be3 Qd7 15. Rfc1 Rfc8 16. a4 h5 17. h4 a6 18. Kh2 Bf6 19. Bf1 Rxc1 20. Rxc1
Rc8 21. Rc2 Rc6 22. Bg2 Qc7 23. Rxc6 Qxc6 24. Qb4 b6 1/2-1/2

[Event "Terrassa"]
[Site "Terrassa"]
[Date "1990.??.??"]
[Round "4"]
[White "Oll, Lembit"]
[Black "Illescas Cordoba, Miguel"]
[Result "1/2-1/2"]
[WhiteElo "2570"]
[BlackElo "2530"]
[PlyCount "74"]
[EventDate "1990.04.??"]
[EventType "tourn"]
[EventRounds "11"]
[EventCountry "ESP"]
[EventCategory "11"]
[Source "ChessBase"]
[SourceDate "1990.12.01"]

1. e4 c5 2. Nf3 e6 3. d4 cxd4 4. Nxd4 Nc6 5. Nb5 d6 6. c4 Nf6 7. N1c3 a6 8. Na3
Be7 9. Be2 O-O 10. O-O b6 11. Be3 Bb7 12. Qb3 Nd7 13. Rad1 Rb8 14. Rd2 Qc7 15.
f3 Rfe8 16. Rc1 Ba8 17. Qd1 Qb7 18. Kh1 Rbc8 19. Qe1 Bf8 20. Qg3 Qb8 21. Rcd1
Nce5 22. f4 Ng6 23. Bf3 Nf6 24. Qf2 d5 25. e5 Ne4 26. Bxe4 dxe4 27. Na4 Bxa3
28. bxa3 Rxc4 29. Nxb6 Rc3 30. a4 Ne7 31. Bd4 Rc7 32. Nxa8 Qxa8 33. Bb6 Rcc8
34. a5 Nf5 35. Qe2 h6 36. Re1 Rc3 37. Rc2 Rxc2 1/2-1/2

[Event "Terrassa"]
[Site "Terrassa"]
[Date "1990.??.??"]
[Round "5"]
[White "Cramling, Pia"]
[Black "Oll, Lembit"]
[Result "1/2-1/2"]
[WhiteElo "2470"]
[BlackElo "2570"]
[Annotator "Ribli"]
[PlyCount "56"]
[EventDate "1990.04.??"]
[EventType "tourn"]
[EventRounds "11"]
[EventCountry "ESP"]
[EventCategory "11"]
[Source "ChessBase"]
[SourceDate "1990.12.01"]

1. d4 Nf6 2. c4 d6 3. Nf3 Nbd7 4. Nc3 c6 5. e4 e5 6. Be2 Be7 7. O-O O-O 8. Re1
Re8 (8... a6 9. Bf1 b5 10. cxb5 cxb5 11. a3 Bb7 12. d5 Ne8 13. Be3 g6 14. Nd2 {
Horvath,C-Sapis,W  Leningrad II 1989  CBM 15}) 9. Bf1 (9. Rb1 Qc7 10. b4 Nf8
11. d5 cxd5 12. Nxd5 Nxd5 13. cxd5 {Cabalo,M-Hickl,J  Munich 1989  CBM 13})
9... Qc7 10. h3 exd4 (10... Nf8 11. Be3 Ng6 12. d5 c5 13. a3 Bd7 14. b4 $14 {
Reshevsky-Bleiman  Netanya 1971}) 11. Nxd4 Bf8 12. Bf4 Ne5 13. Qc2 a6 14. Rad1
g6 15. Bh2 $6 (15. a3 $5) 15... b5 16. cxb5 cxb5 17. Qb3 Bb7 18. Bf4 Rac8 19.
Rc1 Qb6 20. Be3 Qa5 21. f3 Nc4 22. Bxc4 Rxc4 23. Bf2 Nd7 24. a3 Ne5 25. Rcd1
Rec8 26. Nd5 Bxd5 27. exd5 Bh6 28. Be3 Bg5 {Ribli} 1/2-1/2

[Event "Terrassa"]
[Site "Terrassa"]
[Date "1990.??.??"]
[Round "6"]
[White "Oll, Lembit"]
[Black "Pomes Marcet, Juan"]
[Result "1-0"]
[WhiteElo "2570"]
[BlackElo "2420"]
[Annotator "Knaak,R"]
[PlyCount "69"]
[EventDate "1990.04.??"]
[EventType "tourn"]
[EventRounds "11"]
[EventCountry "ESP"]
[EventCategory "11"]
[Source "ChessBase"]
[SourceDate "1990.12.01"]

1. e4 e6 2. d4 d5 3. Nd2 c5 4. Ngf3 cxd4 5. Nxd4 Nc6 6. Bb5 Bd7 7. Bxc6 (7.
Nxc6 {.. wird häufiger gespielt.}) 7... bxc6 $10 8. c4 dxe4 $6 (8... Nf6) 9.
Nxe4 Qa5+ 10. Nc3 $1 Nf6 11. O-O Be7 12. Qe2 O-O 13. Bf4 Nh5 14. Be5 Bf6 15.
Nf3 Rfd8 16. a3 $16 Bxe5 17. Nxe5 Nf6 18. b4 Qc7 19. Qe3 Be8 20. Rfd1 Rdb8 21.
Qc5 Qb7 22. Rab1 Rc8 23. Qe3 Qc7 24. Na4 Rab8 25. Nc5 Qb6 26. g4 h6 27. h4 Rd8
28. g5 hxg5 29. hxg5 Nh7 30. Kg2 Rxd1 31. Rxd1 Rd8 32. Rh1 Qc7 33. g6 Nf6 34.
Qh3 Kf8 35. Nxe6+ 1-0

[Event "Terrassa"]
[Site "Terrassa"]
[Date "1990.??.??"]
[Round "7"]
[White "Magem Badals, Jordi"]
[Black "Oll, Lembit"]
[Result "1/2-1/2"]
[WhiteElo "2460"]
[BlackElo "2570"]
[PlyCount "38"]
[EventDate "1990.04.??"]
[EventType "tourn"]
[EventRounds "11"]
[EventCountry "ESP"]
[EventCategory "11"]
[Source "ChessBase"]
[SourceDate "1990.12.01"]

1. e4 c5 2. Nf3 d6 3. d4 cxd4 4. Nxd4 Nf6 5. Nc3 a6 6. g3 e5 7. Nb3 Be7 8. Bg2
O-O 9. O-O b5 10. a4 b4 11. Nd5 Nxd5 12. Qxd5 Ra7 13. Be3 Be6 14. Qd3 Rb7 15.
Nd2 a5 16. c3 Nd7 17. Qa6 Qa8 18. Qxa8 Rxa8 19. Rfc1 Nc5 1/2-1/2

[Event "Terrassa"]
[Site "Terrassa"]
[Date "1990.??.??"]
[Round "9"]
[White "Spraggett, Kevin"]
[Black "Oll, Lembit"]
[Result "1-0"]
[WhiteElo "2555"]
[BlackElo "2570"]
[Annotator "Ftacnik,L"]
[PlyCount "79"]
[EventDate "1990.04.??"]
[EventType "tourn"]
[EventRounds "11"]
[EventCountry "ESP"]
[EventCategory "11"]
[Source "ChessBase"]
[SourceDate "1990.12.01"]

1. c4 e6 2. Nc3 d5 3. d4 Bb4 4. e3 (4. Qa4+ Nc6 5. cxd5 exd5 6. e4 dxe4 7. Bb5
$36 {Spraggett}) 4... Nf6 5. a3 Bxc3+ 6. bxc3 c5 7. cxd5 exd5 8. Bd3 O-O 9. Ne2
b6 10. O-O Ba6 11. Bxa6 Nxa6 12. f3 Re8 13. Qd3 Qc8 14. Ra2 {N} (14. Ng3) 14...
Nc7 15. g4 Qa6 16. Qxa6 Nxa6 17. Nf4 Nc7 (17... h6 18. h4 $14) 18. a4 Ne6 19.
Nd3 Rec8 20. Bd2 Ne8 21. Be1 Nd6 22. Bg3 Nc4 23. Re1 Rf8 24. Kg2 Rac8 25. h4 h6
(25... f5 26. gxf5 Rxf5 27. e4 $16) (25... cxd4 $5 26. cxd4 Na5 27. g5 Rc3 $14)
26. Rae2 Rfd8 27. Rd1 Re8 28. Rde1 Re7 (28... Red8 $5) 29. f4 Nf8 30. f5 Nd7
31. g5 Rce8 32. Kf3 Re4 33. Nf2 (33. Nf4 Nd6 34. Nxd5 Nxf5) 33... R4e7 34. Bf4
cxd4 35. cxd4 Nb8 $6 (35... h5) 36. gxh6 Nc6 37. hxg7 Kxg7 38. f6+ (38. Rg1+ $5
Kh7 39. Ng4 Nxd4+ 40. exd4 Rxe2 41. Nf6+ Kh8 42. Bh6 Nd2+ 43. Bxd2 Rxd2 44.
Nxe8 $18) 38... Kxf6 39. Bg5+ Ke6 40. Bxe7 {Ftacnik,L} 1-0

[Event "Debrecen"]
[Site "Debrecen"]
[Date "1990.??.??"]
[Round "3"]
[White "Polgar, Zsuzsa"]
[Black "Oll, Lembit"]
[Result "1/2-1/2"]
[WhiteElo "2500"]
[BlackElo "2570"]
[Annotator "Ribli"]
[PlyCount "61"]
[EventDate "1990.06.??"]
[EventType "tourn"]
[EventRounds "11"]
[EventCountry "HUN"]
[EventCategory "13"]
[Source "ChessBase"]
[SourceDate "1991.02.01"]

1. d4 d6 2. Nf3 Nf6 3. c4 Nbd7 4. Nc3 c6 5. e4 e5 6. Be2 Be7 7. O-O O-O 8. Be3
$5 Ng4 (8... a6 9. d5 $1 cxd5 10. cxd5 b5 11. Nd2 Nb6 12. a4 $1 $14 {
Polgar,Zsu-Lobron,E  Deutschland Cup 1989  CBM/16}) 9. Bd2 Qb6 10. Na4 (10. h3
$5 Ngf6 11. c5 dxc5 12. dxe5) 10... Qc7 11. h3 (11. Rc1 $5) 11... Ngf6 12. Qc2
Re8 13. Rfe1 Bf8 14. Bf1 exd4 15. Nxd4 g6 16. Rad1 a6 17. Nc3 b5 18. b4 Bb7 19.
Nf3 Nb6 20. Qb3 bxc4 21. Bxc4 d5 22. Bd3 c5 23. bxc5 Bxc5 24. exd5 Nbxd5 25.
Ne4 Nxe4 26. Bxe4 Nb6 27. Bxb7 Qxb7 28. Bc3 Rxe1+ 29. Nxe1 Qe4 30. Nd3 Bd4 31.
Bxd4 1/2-1/2

[Event "Debrecen"]
[Site "Debrecen"]
[Date "1990.??.??"]
[Round "7"]
[White "Oll, Lembit"]
[Black "Novikov, Igor"]
[Result "1-0"]
[WhiteElo "2570"]
[BlackElo "2550"]
[PlyCount "61"]
[EventDate "1990.06.??"]
[EventType "tourn"]
[EventRounds "11"]
[EventCountry "HUN"]
[EventCategory "13"]
[Source "ChessBase"]
[SourceDate "1991.02.01"]

1. e4 c5 2. Nf3 d6 3. d4 cxd4 4. Nxd4 Nf6 5. Nc3 a6 6. Bg5 e6 7. f4 Qb6 8. Nb3
Be7 9. Be2 h6 10. Bxf6 Bxf6 11. Qd3 Nd7 12. O-O-O Be7 13. h4 Nc5 14. Qg3 Nxb3+
15. axb3 Rg8 16. e5 Bd7 17. f5 dxe5 18. Bh5 O-O-O 19. Bxf7 Rgf8 20. Qg6 Bf6 21.
Rxd7 Kxd7 22. fxe6+ Ke7 23. Ne4 Qe3+ 24. Kb1 Qf4 25. Ng3 Kd6 26. Rf1 Qb4 27.
Ne4+ Kc7 28. Nxf6 gxf6 29. Qxf6 Rde8 30. Qxe5+ Kc8 31. Rf4 1-0

[Event "Debrecen"]
[Site "Debrecen"]
[Date "1990.??.??"]
[Round "10"]
[White "Wojtkiewicz, Aleksander"]
[Black "Oll, Lembit"]
[Result "1/2-1/2"]
[WhiteElo "2550"]
[BlackElo "2570"]
[PlyCount "21"]
[EventDate "1990.06.??"]
[EventType "tourn"]
[EventRounds "11"]
[EventCountry "HUN"]
[EventCategory "13"]
[Source "ChessBase"]
[SourceDate "1991.02.01"]

1. Nf3 Nf6 2. c4 c6 3. d4 d5 4. cxd5 cxd5 5. Nc3 Nc6 6. Bf4 Bf5 7. e3 e6 8. Bd3
Bxd3 9. Qxd3 Bd6 10. Bxd6 Qxd6 11. O-O 1/2-1/2

[Event "Adelaide op"]
[Site "Adelaide"]
[Date "1990.??.??"]
[Round "3"]
[White "Oll, Lembit"]
[Black "Depasquale, Chris"]
[Result "1-0"]
[WhiteElo "2560"]
[BlackElo "2290"]
[PlyCount "73"]
[EventDate "1990.12.??"]
[EventType "swiss"]
[EventRounds "11"]
[EventCountry "AUS"]
[Source "ChessBase"]
[SourceDate "1996.11.15"]

1. c4 f5 2. g3 Nf6 3. Bg2 g6 4. d3 Bg7 5. e4 d6 6. Ne2 c6 7. Nbc3 O-O 8. O-O e5
9. exf5 gxf5 10. f4 Be6 11. Kh1 Nbd7 12. Be3 Qc7 13. Qd2 Rad8 14. Rac1 Qb8 15.
b4 a6 16. a4 Rfe8 17. b5 axb5 18. cxb5 cxb5 19. a5 e4 20. dxe4 fxe4 21. Nxe4
Nxe4 22. Bxe4 d5 23. Bxd5 Bxd5+ 24. Qxd5+ Kh8 25. Qf3 Qa8 26. Bc5 Rxe2 27. Qxe2
b6+ 28. Qg2 Nxc5 29. Qxa8 Rxa8 30. axb6 Bf8 31. Rfd1 Rb8 32. Rd5 Na4 33. b7
Rxb7 34. Rc8 Rf7 35. Rd4 Nb6 36. Rb8 Rf6 37. Rdd8 1-0

[Event "Adelaide op"]
[Site "Adelaide"]
[Date "1990.??.??"]
[Round "7"]
[White "Oll, Lembit"]
[Black "Johansen, Darryl Keith"]
[Result "1/2-1/2"]
[WhiteElo "2560"]
[BlackElo "2445"]
[PlyCount "66"]
[EventDate "1990.12.??"]
[EventType "swiss"]
[EventRounds "11"]
[EventCountry "AUS"]
[Source "ChessBase"]
[SourceDate "1996.11.15"]

1. d4 e6 2. c4 Nf6 3. Nf3 Bb4+ 4. Bd2 Qe7 5. g3 Nc6 6. Nc3 O-O 7. Bg2 Bxc3 8.
Bxc3 Ne4 9. Rc1 d6 10. O-O e5 11. d5 Nxc3 12. Rxc3 Nb8 13. b4 a5 14. Ra3 Ra6
15. Rxa5 Rxa5 16. bxa5 f5 17. Qb3 Na6 18. Nd2 h5 19. h4 Nc5 20. Qc3 g5 21. Nf3
gxh4 22. Nxh4 Re8 23. Qd2 Kg7 24. Kh2 f4 25. e3 Qf6 26. Re1 fxg3+ 27. fxg3 Rf8
28. Rf1 Qg5 29. Rxf8 Kxf8 30. Qf2+ Kg7 31. Bf3 Bd7 32. Bd1 Ne4 33. Qe1 Nf6
1/2-1/2

[Event "Adelaide op"]
[Site "Adelaide"]
[Date "1990.??.??"]
[Round "10"]
[White "Miles, Anthony"]
[Black "Oll, Lembit"]
[Result "1-0"]
[WhiteElo "2595"]
[BlackElo "2560"]
[PlyCount "127"]
[EventDate "1990.12.??"]
[EventType "swiss"]
[EventRounds "11"]
[EventCountry "AUS"]
[Source "ChessBase"]
[SourceDate "1996.11.15"]

1. c4 c6 2. e4 d5 3. cxd5 cxd5 4. exd5 Nf6 5. Bb5+ Nbd7 6. Nc3 g6 7. d4 Bg7 8.
d6 exd6 9. Qe2+ Qe7 10. Bf4 d5 11. Bd6 Qxe2+ 12. Ngxe2 Kd8 13. O-O Ne8 14. Bb4
Nc7 15. Nf4 Nf6 16. Rfe1 Be6 17. Bd6 Nxb5 18. Nxb5 Ne4 19. Rac1 Nxd6 20. Nxd6
Kd7 21. Nxb7 Bxd4 22. Nc5+ Bxc5 23. Rxc5 Rhc8 24. Ra5 Rc2 25. b3 Rd2 26. Kf1 a6
27. Rc1 Kd6 28. Ke1 Rd4 29. Ne2 Rh4 30. h3 Bd7 31. Rd1 Bb5 32. a4 Bc6 33. f4 g5
34. fxg5 Rb4 35. Rd3 Bb7 36. Kd2 Rg8 37. Nd4 Rxg5 38. Kc3 Rb6 39. Rf3 f5 40. g4
Ke5 41. Re3+ Kf4 42. Rf3+ Ke5 43. gxf5 Rg8 44. Rc5 Rg1 45. Rd3 Rc1+ 46. Nc2
Kxf5 47. Kd2 Rh1 48. Rc7 Ke5 49. Nd4 Ba8 50. Re7+ Kd6 51. Ra7 Bb7 52. a5 Rb4
53. Kc3 Rxd4 54. Rxd4 Rxh3+ 55. Kb2 Rh2+ 56. Ka3 Bc8 57. Rb4 h5 58. Rb6+ Ke5
59. Rc7 Bf5 60. Rxa6 h4 61. Rh6 h3 62. a6 Rh1 63. a7 Ra1+ 64. Kb2 1-0

[Event "Adelaide op"]
[Site "Adelaide"]
[Date "1990.??.??"]
[Round "11"]
[White "Oll, Lembit"]
[Black "Jamieson, Robert Murray"]
[Result "1-0"]
[WhiteElo "2560"]
[BlackElo "2455"]
[PlyCount "89"]
[EventDate "1990.12.??"]
[EventType "swiss"]
[EventRounds "11"]
[EventCountry "AUS"]
[Source "ChessBase"]
[SourceDate "1996.11.15"]

1. e4 c5 2. Nf3 Nc6 3. d4 cxd4 4. Nxd4 Nf6 5. Nc3 e5 6. Ndb5 d6 7. Nd5 Nxd5 8.
exd5 Nb8 9. Be3 a6 10. Na3 Nd7 11. Qd2 Be7 12. Nc4 O-O 13. Be2 f5 14. f4 exf4
15. Bxf4 Nc5 16. Bf3 b5 17. Na5 Bf6 18. Nc6 Re8+ 19. Kf1 Qc7 20. Re1 Bd7 21.
Kf2 Ne4+ 22. Bxe4 fxe4 23. c3 Bxc6 24. dxc6 Qxc6 25. Rhf1 d5 26. Kg1 Rad8 27.
Be3 Qc4 28. Rxf6 gxf6 29. Bd4 Re6 30. Qf4 e3 31. Qg4+ Kf7 32. Qh5+ Kg8 33. Qg4+
Kf7 34. Qf5 e2 35. Qxh7+ Ke8 36. h4 Qxa2 37. Bxf6 Rdd6 38. Qg8+ Kd7 39. Qd8+
Kc6 40. Qc8+ Kb6 41. Bd8+ Rxd8 42. Qxe6+ Kc7 43. Rxe2 Qb1+ 44. Kh2 Qd3 45. Rf2
1-0

[Event "EST-FIN m"]
[Site "Estonia"]
[Date "1991.??.??"]
[Round "1"]
[White "Oll, Lembit"]
[Black "Yrjola, Jouni"]
[Result "1-0"]
[WhiteElo "2560"]
[BlackElo "2505"]
[PlyCount "109"]
[EventDate "1991.??.??"]
[EventType "team"]
[EventRounds "2"]
[EventCountry "EST"]
[Source "ChessBase"]
[SourceDate "1999.11.16"]

1. e4 c5 2. Nf3 d6 3. d4 cxd4 4. Nxd4 Nf6 5. Nc3 Nc6 6. Bg5 e6 7. Qd2 a6 8.
O-O-O h6 9. Be3 Bd7 10. f4 Be7 11. Kb1 b5 12. Bd3 O-O 13. h3 Nxd4 14. Bxd4 Bc6
15. Qe3 Qc7 16. e5 dxe5 17. Bxe5 Qb7 18. Rhf1 b4 19. Ne2 Bb5 20. f5 Bxd3 21.
Rxd3 exf5 22. Nd4 Ne4 23. Nxf5 Bg5 24. Qg1 Rfd8 25. Ka1 f6 26. Bd4 Nd6 27. Bxf6
Bxf6 28. Nxd6 Qe7 29. Qc5 a5 30. Kb1 Kh8 31. Rfd1 Rf8 32. Re3 Qa7 33. Qxa7 Rxa7
34. a4 Bg5 35. Re2 Rd7 36. Rd3 Rfd8 37. Nf7+ Rxf7 38. Rxd8+ Bxd8 39. Re8+ Kh7
40. Rxd8 Rf1+ 41. Ka2 Rf2 42. Rd5 Rxg2 43. Rxa5 Rh2 44. Rb5 Rxh3 45. a5 Re3 46.
a6 Re6 47. Ra5 Re8 48. a7 Ra8 49. Kb3 g5 50. Kxb4 g4 51. Kc4 g3 52. Ra3 g2 53.
Rg3 Rxa7 54. Rxg2 h5 55. b4 1-0

[Event "EU-Cup Honved-Bayern"]
[Site "Budapest"]
[Date "1991.??.??"]
[Round "1"]
[White "Hjartarson, Johann"]
[Black "Oll, Lembit"]
[Result "1-0"]
[WhiteElo "2550"]
[BlackElo "2600"]
[Annotator "Hjartarson"]
[PlyCount "125"]
[EventDate "1991.??.??"]
[EventType "team"]
[EventRounds "2"]
[EventCountry "HUN"]
[Source "ChessBase"]
[SourceDate "1992.02.01"]

1. c4 {Ribli} e5 2. Nc3 Nf6 3. g3 d5 4. cxd5 Nxd5 5. Bg2 Nb6 6. Nf3 Nc6 7. O-O
Be7 8. a3 O-O 9. b4 Be6 10. d3 f6 11. Rb1 Qd7 (11... Qe8 {Ribli} 12. Nd2 (12.
Be3 $5) 12... Qf7 13. Nb3 Rab8 14. Qc2 Rfd8 $2 15. Bxc6 bxc6 16. Na5 $16 {
Ivanchuk,V-Timman,J  Tilburg 1990  50/34  CBM/20}) 12. Ne4 (12. Bd2 $6 a5 $1
13. Ne4 axb4 14. axb4 Na4 15. Re1 $2 b5 $15 {Lobron,E-Agdestein,S, Lyon 1988})
12... Nd5 13. Bb2 {TN} (13. Qc2 b6 $2 (13... a6 $14) (13... a5 $5) 14. Bb2 Rac8
15. Rbc1 Nd4 16. Bxd4 exd4 17. Qc6 $16 {
Karpov,An-Hjartarson,J Seattle m(2) 1989} (17. Qc6 {Ribli} Qxc6 18. Rxc6 Bd7
19. Nxd4 $1 $16 {Karpov,An-Hjartarson,J  Seattle cq 1989  47/41  CBM/11}))
13... Rad8 14. Qc2 Bh3 15. Nc5 Bxc5 16. Qxc5 Bxg2 17. Kxg2 Kh8 (17... Qg4 18.
Qc4 $1 $14) 18. h3 Qe8 $2 (18... Nb6 $5 {/\ 19...Na4} 19. b5 (19. Ba1 Na4 20.
Qc2 Nd4 21. Bxd4 exd4 22. Rbc1 Rf7 $10) 19... Ne7 (19... Nd4 $2 20. Bxd4 exd4
21. Rb4 $14) 20. Ba1 $14) (18... a6 19. Rbc1 $14 (19. Rfc1 $14 {Ribli})) 19. b5
Nce7 $6 (19... Nb8 $5 20. Rbc1 (20. Qxa7 e4 $1 21. dxe4 Qxe4 22. Rfe1 (22. Qxb7
$4 Ne3+ $19) 22... b6 $44) 20... e4 21. dxe4 Qxe4 22. Qc4 $1 $14) 20. Qxa7 Qxb5
(20... Ng6 21. Kh2 (21. Qxb7 $6 e4 22. dxe4 (22. Nd4 $2 Ngf4+ 23. gxf4 Nxf4+
24. Kh2 Qh5 25. Qxe4 Qxh3+ 26. Kg1 Qg4+ 27. Kh2 Qh4+ 28. Kg1 Rd5 $40) 22...
Qxe4 $44 {/\ 23...Ne3-+}) 21... e4 22. Nd4 $1 $14) 21. Ba1 $1 $16 (21. Bxe5 Qe8
$1 22. Ba1 Nc8 23. Qxb7 Qxe2 $44) 21... Qd7 22. Qxb7 Ng6 23. e3 Ra8 24. Rb3 h5
25. Qb5 Qd6 26. d4 Rfb8 (26... e4 27. Nd2 f5 28. h4 $16 {/\ 29.Qe2+-}) 27.
Qxb8+ Rxb8 28. Rxb8+ Kh7 29. dxe5 Qxa3 (29... Nxe5 30. Nxe5 fxe5 31. Re8 $18)
30. exf6 gxf6 31. Rd1 Qa2 32. Rb2 (32. Bb2 $5 {Ribli}) 32... Qc4 33. Rbd2 c6
34. Rxd5 $1 cxd5 35. Bxf6 $18 Qe4 36. Ra1 Nf8 37. Ra7+ Kg6 38. Re7 Ne6 39. Be5
Nc5 40. Bd6 Ne6 41. Be5 Nc5 42. Rg7+ Kh6 43. g4 h4 $6 (43... hxg4 44. Rxg4 Qc2
$8 (44... Qf5 45. Bf4+ Kh7 46. Ng5+ Kh8 47. Be5+ $1 Kg8 48. Ne4+ Kf8 49. Nxc5
$18) 45. Nd4 Qb1 46. h4 $18 {/\ 47.Rg5,Nf5} Kh5 47. Rg5+ Kxh4 48. Nf3#) 44. Re7
Kg6 45. Rg7+ Kh6 46. Re7 Kg6 47. Bf6 Ne6 48. Bg5 d4 49. Rxe6+ Qxe6 50. exd4 Qe4
51. Bxh4 Kg7 52. Bg3 Kf6 53. Be5+ Ke6 54. Kg3 Qd3 55. Bf4 Kd5 56. Be3 Qd1 57.
Kf4 Qb1 58. h4 Qb8+ 59. Ne5 Qf8+ 60. Kg3 Ke4 61. h5 Qa8 62. h6 Qa1 63. Kh2 1-0